|
|
|
|
| LEADER |
00000nam a2200000 a 4500 |
| 001 |
vtls001561130 |
| 003 |
SK-MaSNL |
| 005 |
20260302073953.0 |
| 008 |
240315s xo d 000 0 slo |
| 013 |
|
|
|a 284 297
|b sp
|c patentový spis
|d 20050103
|e dátum nadobudnutia účinkov patentu (Vestník ÚPV SR č.: 1/2005)
|d 20041208
|e dátum sprístupnenia patentu verejnosti
|
| 013 |
|
|
|a 35-97
|e číslo prihlášky
|d 19970110
|e dátum podania prihlášky
|d 19970806
|e dátum zverejnenia prihlášky (Vestník ÚPV SR č.: 08/1997 )
|
| 013 |
|
|
|a 9600200
|e číslo prioritnej prihlášky
|d 19960130
|e dátum podania prioritnej prihlášky
|
| 040 |
|
|
|a SNK
|b slo
|c SNK
|e AACR2
|
| 100 |
1 |
|
|a Ristol, Debart Pere
|4 aut
|9 600351
|
| 245 |
1 |
|
|a Farmaceutický prostriedok obsahujúci ľudský albumín
|
| 260 |
|
|
|a [Banská Bystrica]
|b Úrad priemyselného vlastníctva Slovenskej republiky
|c [2004]
|
| 919 |
|
|
|a ISBN
|
| 999 |
|
|
|c 1163087
|d 1165017
|
| 952 |
|
|
|a SNK
|b SNK
|y PREZ
|7 0
|p 17A0457125
|o snkSK 284297
|i snk2005/6651
|8 0
|0 0
|1 0
|4 0
|d 2005-04-21
|l 0
|r 2026-02-24 20:39:34
|w 2026-02-24
|